Music Quiz

Random Music or Rock Quiz

Quick Pick: The Hollies Songs Quiz Stats

 Plays Quiz not verified by Sporcle

Challenge
Share
Tweet
Embed
Score 0/16 Timer 01:30
0 Plays Today
% Correct
Air
92.9%
One
92%
Window
92%
Let
91.6%
Heavy
91.2%
Cool
90.7%
Stop
90.3%
Alive
89.8%
% Correct
Carrie
89.4%
Bus
88.5%
Dear
86.7%
Carousel
84.1%
Reverse
83.6%
Soldier's
83.5%
Magic
81%
Eccles
80.1%

You're not logged in!

Compare scores with friends on all Sporcle quizzes.
Join for Free
OR
Log In

You Might Also Like...

Show Comments

Extras

Top Quizzes Today


Score Distribution

Your Account Isn't Verified!

In order to create a playlist on Sporcle, you need to verify the email address you used during registration. Go to your Sporcle Settings to finish the process.

Report this User

Report this user for behavior that violates our Community Guidelines.

Details: